| 000 | 01872cam a22004094i 4500 | ||
|---|---|---|---|
| 003 | PE-LiUPU | ||
| 005 | 20250731184548.0 | ||
| 008 | 150625s r 000 0 d | ||
| 035 | _a(Sirsi) a32738 | ||
| 040 |
_aPE-LiUPU _bspa _cPE-LiUPU _erda |
||
| 082 | 0 | 4 |
_a985 _bM58 _221 |
| 100 | 1 |
_aVargas Ugarte, Ruben, _eautor. |
|
| 245 | 1 | 0 |
_aHistoria del siglo XVII. _n3. |
| 264 | 1 |
_aLima Perú : _bMilla Batres, _c1993. |
|
| 300 |
_a567 PG : _bilustracions,fotos,mapas. |
||
| 336 |
_atext _2rdacontent |
||
| 337 |
_aunmediated _2rdamedia |
||
| 338 |
_avolume _2rdacarrier |
||
| 505 | 0 | _aGobierno del virrey Luis de Velasco. -El breve gobierno de Monterrey. -Gobierno del virrey Montesclaros. -Nuevas entradas y conquistas. -Gobierno del virrey Esquilache. -Auge industrial del virreynato del Perú. -Gerras en el gobierno del virrey Guadalcazar. -Gobierno del virrey Conde de Chinchon. -Los virreyes de Macera y Conde de salvatierra. -Los virreyes Alba de Liste y conde de Santisteban. -Virreynato del Conde de Lemos. -Gobierno del virrey Conde de Castellar. -Gobierno del Duque de la Plata. -Dilatado gobierno del virrey Conde de la Manclova. -Los fustrados Virreyes del Perú. -Comercio Francés en el mar del Perú. | |
| 526 | _aP136 | ||
| 526 | _aP135 | ||
| 526 | _aP134 | ||
| 526 | _aP133 | ||
| 526 | _aP144 | ||
| 526 | _aP143 | ||
| 526 | _aP87 | ||
| 526 | _aP35 | ||
| 526 | _aP20 | ||
| 526 | _aP14 | ||
| 526 | _aP10 | ||
| 526 | _aP06 | ||
| 942 |
_2ddc _cBOOK |
||
| 949 |
_a985 M58 3 _wDEWEY _c1 _i38349 _lCCODEBUL1 _mBUL _p00.00 _r0 _sY _tBOOK _u2015-06-25 _xBIBLIOTECA _zUNKNOWN _0COMPRA _o.STAFF. Colección General |
||
| 596 | _a1 | ||
| 999 |
_a985 M58 3 _wDEWEY _c40423 _i38349 _f2021-11-8 _g5 _lCCODEBUL1 _mBUL _r0 _sY _tBOOK _u2015-6-25 _xBIBLIOTECA _zUNKNOWN _0COMPRA _o.STAFF. Colección General _d40423 |
||
| 980 |
_81 _gALBERTO SANCHEZ Responsable de Automatización |
||